000 00800cam a22002651 4500
001 15467
003 BD-RjUL
005 20211208235825.0
008 140210s1961 nyua 001 0 eng
035 _a(BD-RjUL)15521
035 _a(OCoLC)544183
040 _aDLC
_cOClU
_dOCoLC
_dUk
_dDLC
_dBD-RjUL
_beng
041 _aeng
082 _a658.8
_bMAM 1961
100 1 _aMauser, Ferdinand F.,
_d1914-
_948043
245 1 0 _aModern marketing management :
_ban integrated approach /
_cFerdinand F. Mauser
260 _aNew York :
_bMcGraw-Hill,
_cc1961.
300 _axiii, 502 p. :
_bill. ;
_c24 cm.
504 _aIncludes index.
650 0 _aMarketing.
_948045
942 _2ddc
_cBK
999 _c15467
_d15467